00406nam a2200181Ia 4500008004100000020001400041050001400055100002000069245001600089245002000105260001500125260001600140260000900156300001400165300002700179300001000206500000800216170918s9999 xx 000 0 und d a590463810 bR581 1991 aRinggold, Faith aTar beach / cFaith Ringgold. aNew York : bScholastic, c1991 aunpaged : bcolored illustration ; c30cm. a790